Physiological plant pathology (Record no. 348422)
[ view plain ]
| 000 -LEADER | |
|---|---|
| fixed length control field | 005170000a22001930004500 |
| 020 ## - INTERNATIONAL STANDARD BOOK NUMBER | |
| International Standard Book Number | 3540075577 |
| 060 ## - NATIONAL LIBRARY OF MEDICINE CALL NUMBER | |
| Classification number | 100 |
| 082 ## - DEWEY DECIMAL CLASSIFICATION NUMBER | |
| Classification number | 581.21 HEI ;1 |
| 100 ## - MAIN ENTRY--PERSONAL NAME | |
| Personal name | Heitefurs, R. |
| 100 ## - MAIN ENTRY--PERSONAL NAME | |
| Personal name | Williams, P.H. |
| 245 ## - TITLE STATEMENT | |
| Title | Physiological plant pathology |
| 260 ## - PUBLICATION, DISTRIBUTION, ETC. (IMPRINT) | |
| Place of publication, distribution, etc. | New York, Springer - verlag Berlin Heidelberg |
| 260 ## - PUBLICATION, DISTRIBUTION, ETC. (IMPRINT) | |
| Date of publication, distribution, etc. | 1976 |
| 300 ## - PHYSICAL DESCRIPTION | |
| Extent | 890 |
| 490 ## - SERIES STATEMENT | |
| Series statement | Encyclopaedia of plant physiology |
| 490 ## - SERIES STATEMENT | |
| Series statement | V.4 |
| -- | Encyclopaedia of plant physiology |
| 650 ## - SUBJECT ADDED ENTRY--TOPICAL TERM | |
| Topical term or geographic name as entry element | Plant physiology - encyclopaedia |
| 942 ## - ADDED ENTRY ELEMENTS (KOHA) | |
| Koha item type | Books (General) |
| Withdrawn status | Lost status | Damaged status | Not for loan | Home library | Current library | Date acquired | Total Checkouts | Full call number | Barcode | Date last seen | Price effective from | Koha item type |
|---|---|---|---|---|---|---|---|---|---|---|---|---|
| College of Agriculture, Vellayani | College of Agriculture, Vellayani | 02/05/2014 | 581.21 HEI ;1 | KAU_COAV-18938 | 02/05/2014 | 02/05/2014 | Books (General) |
